000 00609nam a2200229Ia 4500
003 OSt
005 20221007071658.0
006 a|||||r|||| 00| 0
007 ta
008 221006b |||||||| |||| 00| 0 eng d
024 _a13,718
037 _cTextual
040 _aFLL
_cFLL
_beng
041 _2eng
_aeng
082 _aW:232, F6
100 _aRoberts G.B.
_9689208
245 0 _aFunctions of an english second chamber
260 _aLondon
_bGeorge Allen & Unwin Ltd. London
_c1926
300 _a253p
_ccm.
942 _hW:232, F6
_cTEXL
_2CC
999 _c1143966
_d1143966